| 000 | 01011nas a2200325 4500 | ||
|---|---|---|---|
| 001 | BR2012008878 | ||
| 003 | BR-BrBNA | ||
| 005 | 20231205121457.0 | ||
| 007 | ta | ||
| 008 | 230509b bl.|||p| |||| 00| 00por d | ||
| 040 |
_aBR-BrBNA _bpor _cBiblioteca Nacional de Agricultura |
||
| 041 | _a(Pt) | ||
| 072 | _aL74 | ||
| 100 | 1 | _aWatanabe, T.T.N. | |
| 100 | 1 | _aFerreira, H.H. | |
| 100 | 1 | _aGomes, D.C. | |
| 100 | 1 | _aPedroso, P.M.O. | |
| 100 | 1 | _aOliveira, L.G.S. | |
| 100 | 1 | _aBandarra, P.M. | |
| 100 | 1 | _aAntoniassi, N.A.B. | |
| 100 | 1 | _aDriemeier, D. | |
| 245 | 1 | _aFulguração como causa de morte em bovinos no estado do Rio Grande do Sul | |
| 246 | 1 | _aLightning strike as a cause of death in cattle in Rio Grande do Sul | |
| 650 | _aBOVINO | ||
| 650 | _aMORTE SÚBITA | ||
| 650 | _aELETRICIDADE | ||
| 773 | 0 |
_tPesquisa Veterinária Brasileira (Brazil) _xISSN 0100-736X _g(Mar 2010), v. 30(3) p. 243-245 _wBR2012008878 |
|
| 909 |
_a202311 _bLúcia _c55 _dLúcia Elande |
||
| 942 |
_2AGRIS _n0 _cANA |
||
| 999 |
_c223762 _d223762 |
||